[Event "Hanoi op (Women)"]
[Site "Hanoi"]
[Date "2022.08.22"]
[Round "3"]
[White "Doan, Thi Hong Nhung"]
[Black "Huynh, Ngoc Thuy Linh"]
[Result "1-0"]
[WhiteElo "1938"]
[BlackElo "1776"]
[PlyCount "39"]
[EventDate "2022.08.20"]
[EventType "swiss"]
[EventRounds "9"]
[EventCountry "VIE"]
[SourceTitle "CBM 209 Extra"]
[Source "ChessBase"]
[SourceDate "2022.09.30"]
[SourceVersion "1"]
[SourceVersionDate "2022.09.30"]
[SourceQuality "1"]

1. d4 d6 2. Nf3 Bg4 3. e4 Nd7 4. h3 Bxf3 5. Qxf3 e5 6. c3 g6 7. Be3 Bg7 8. Bc4 Ngf6 9. Nd2 0-0 10. 0-0 h6 11. Rfe1 Qe7 12. Qe2 Kh7 13. f4 exf4 14. Bxf4 Rae8 15. Bd3 Kh8 16. Qe3 Kh7 17. Qf3 Nh5 18. Bh2 Qf6 19. Rf1 Qxf3 20. Rxf3 1-0

[Event "VIE Cup (Women)"]
[Site "Hanoi"]
[Date "2021.??.??"]
[Round "1"]
[White "Le, Minh Thu"]
[Black "Doan, Thi Hong Nhung"]
[Result "1/2-1/2"]
[WhiteElo "1313"]
[BlackElo "1945"]
[PlyCount "75"]
[EventDate "2021.05.03"]
[EventType "swiss"]
[EventRounds "9"]
[EventCountry "VIE"]
[SourceTitle "EXT 2022"]
[Source "ChessBase"]
[SourceDate "2021.10.06"]
[SourceVersion "1"]
[SourceVersionDate "2021.10.06"]
[SourceQuality "1"]

1. c4 e5 2. g3 g6 3. Bg2 Bg7 4. Nc3 Nc6 5. e4 Nge7 6. Nge2 0-0 7. 0-0 d6 8. d3 Nd4 9. a3 a5 10. Rb1 Be6 11. Be3 Qd7 12. b3 Rab8 13. Qd2 c6 14. f4 f5 15. fxe5 dxe5 16. Na4 b6 17. Nxd4 exd4 18. Bf4 Rb7 19. c5 b5 20. Nb6 Qd8 21. Qxa5 fxe4 22. Bxe4 Nd5 23. Bd6 Rff7 24. Bxd5 Bxd5 25. Rxf7 Rxf7 26. Qd2 Be6 27. Qg2 Bh6 28. Rf1 Be3+ 29. Kh1 Rxf1+ 30. Qxf1 Bxb3 31. Qf3 Qe8 32. Nd7 Bg5 33. Nf6+ Bxf6 34. Qxf6 Bd5+ 35. Kg1 Qe1+ 36. Qf1 Qe3+ 37. Qf2 Qc1+ 38. Qf1 1/2-1/2

[Event "VIE-ch op (Women)"]
[Site "Hanoi"]
[Date "2020.11.29"]
[Round "9"]
[White "Nguyen, Thi Thanh An"]
[Black "Doan, Thi Hong Nhung"]
[Result "1/2-1/2"]
[WhiteElo "2311"]
[BlackElo "2302"]
[PlyCount "75"]
[EventDate "2020.11.23"]
[EventType "swiss"]
[EventRounds "9"]
[EventCountry "VIE"]
[SourceTitle "CBM 199 Extra"]
[Source "ChessBase"]
[SourceDate "2021.01.31"]
[SourceVersion "1"]
[SourceVersionDate "2021.01.31"]
[SourceQuality "1"]

1. d4 Nf6 2. c4 e6 3. Nf3 d5 4. Nc3 Bb4 5. e3 0-0 6. Bd2 Nbd7 7. Rc1 c5 8. cxd5 exd5 9. Be2 Qe7 10. 0-0 c4 11. b3 Bxc3 12. Bxc3 b5 13. bxc4 dxc4 14. Rb1 Nd5 15. Ba5 Ba6 16. Qc2 Rfe8 17. Rfe1 g6 18. Bf1 Qe4 19. Qxe4 Rxe4 20. Rec1 N5b6 21. g3 Rc8 22. Bg2 Ree8 23. Nd2 f5 24. Nf3 Rb8 25. Ne1 Rec8 26. Nc2 Kf7 27. f3 Re8 28. Re1 Nc8 29. e4 Ne7 30. e5 Ke6 31. Bc7 Rbc8 32. Bd6 Nd5 33. f4 N7b6 34. Bc5 Rc6 35. Ne3 Rc7 36. Bxb6 Nxb6 37. d5+ Kd7 38. d6 1/2-1/2

[Event "VIE-ch op (Women)"]
[Site "Hanoi"]
[Date "2020.11.27"]
[Round "7"]
[White "Doan, Thi Hong Nhung"]
[Black "Luong, Phuong Hanh"]
[Result "1/2-1/2"]
[WhiteElo "2302"]
[BlackElo "2309"]
[PlyCount "121"]
[EventDate "2020.11.23"]
[EventType "swiss"]
[EventRounds "9"]
[EventCountry "VIE"]
[SourceTitle "CBM 199 Extra"]
[Source "ChessBase"]
[SourceDate "2021.01.31"]
[SourceVersion "1"]
[SourceVersionDate "2021.01.31"]
[SourceQuality "1"]

1. d4 Nf6 2. c4 g6 3. Nf3 Bg7 4. e3 0-0 5. Be2 d5 6. cxd5 Nxd5 7. 0-0 Nc6 8. Nc3 e5 9. Qb3 Be6 10. Qxb7 exd4 11. Qxc6 dxc3 12. Nd4 Nf4 13. Bf3 Bd5 14. Bxd5 Qxd5 15. exf4 cxb2 16. Bxb2 Qxc6 17. Nxc6 Bxb2 18. Rab1 Ba3 19. Rb7 Bd6 20. g3 a5 21. a4 Rfe8 22. Rc1 Re4 23. Na7 c5 24. Rd7 Bf8 25. Ra1 c4 26. Rc7 Bd6 27. Rc6 Bxf4 28. Nb5 Bh6 29. Ra2 Rd8 30. Rc2 Rd1+ 31. Kg2 Ra1 32. Nc3 Rd4 33. Ne2 Rd2 34. Rxd2 Bxd2 35. Rxc4 Bb4 36. Nd4 Ra2 37. h4 Kg7 38. Nc2 Rxa4 39. Nxb4 Rxb4 40. Rc5 a4 41. Ra5 h5 42. Ra6 Kf8 43. Ra7 Ke8 44. Kh3 f6 45. Ra6 Ke7 46. Kg2 g5 47. hxg5 fxg5 48. Ra5 g4 49. Rxh5 Kd6 50. Ra5 Kc6 51. f3 Kb6 52. Ra8 Rb2+ 53. Kf1 Rb1+ 54. Kf2 Rb4 55. fxg4 Rxg4 56. Kg2 Kb5 57. Kf3 Rg6 58. g4 Kb4 59. Kf4 a3 60. g5 Kb3 61. Kf5 1/2-1/2

[Event "VIE-ch (Women)"]
[Site "Hanoi"]
[Date "2020.10.06"]
[Round "3"]
[White "Nguyen, Truong Bao Tran"]
[Black "Doan, Thi Hong Nhung"]
[Result "1/2-1/2"]
[WhiteElo "1856"]
[BlackElo "1976"]
[PlyCount "87"]
[EventDate "2020.10.05"]
[EventType "swiss"]
[EventRounds "9"]
[EventCountry "VIE"]
[SourceTitle "EXT 2022"]
[Source "ChessBase"]
[SourceDate "2021.10.06"]
[SourceVersion "1"]
[SourceVersionDate "2021.10.06"]
[SourceQuality "1"]

1. d4 Nf6 2. c4 e6 3. g3 Bb4+ 4. Bd2 Be7 5. Bg2 d5 6. Nf3 0-0 7. Qc2 c6 8. 0-0 b6 9. Bf4 Ba6 10. Nbd2 Nbd7 11. Rfe1 Nh5 12. Be3 Rc8 13. Qa4 Nb8 14. cxd5 cxd5 15. Rac1 Qd7 16. Qxd7 Nxd7 17. Bf1 Bd6 18. Nb3 Nhf6 19. Nfd2 Ne4 20. f3 Nxd2 21. Bxd2 Bc4 22. e4 Rfd8 23. e5 Be7 24. Be3 a5 25. Red1 Bb4 26. Kg2 f6 27. f4 Kf7 28. Bd3 Bxd3 29. Rxd3 a4 30. Na1 Rxc1 31. Bxc1 Rc8 32. Be3 b5 33. Bd2 Bxd2 34. Rxd2 Rc1 35. Nc2 Nb6 36. Ne3 Nc4 37. Nxc4 dxc4 38. Kf2 Ra1 39. a3 Rc1 40. Ke2 c3 41. bxc3 Rxc3 42. Rd3 Rc1 43. Rd1 Rc3 44. Rd3 1/2-1/2

[Event "ASEAN-ch (Women) 4th"]
[Site "Bac Giang"]
[Date "2019.10.28"]
[Round "5"]
[White "Nguyen, Thi Mai Hung"]
[Black "Doan, Thi Hong Nhung"]
[Result "1/2-1/2"]
[WhiteElo "2270"]
[BlackElo "1935"]
[PlyCount "94"]
[EventDate "2019.10.25"]
[EventType "swiss"]
[EventRounds "9"]
[EventCountry "VIE"]
[SourceTitle "CBM 192 Extra"]
[Source "Chessbase"]
[SourceDate "2019.11.06"]
[SourceVersion "1"]
[SourceVersionDate "2019.11.06"]
[SourceQuality "1"]

1. d4 Nf6 2. c4 e6 3. g3 d5 4. Nf3 Bb4+ 5. Bd2 Be7 6. Bg2 0-0 7. 0-0 Nbd7 8. Qc2 c6 9. b3 b6 10. Nc3 Ba6 11. cxd5 cxd5 12. Rfe1 Rc8 13. Qb2 Bd6 14. a4 Qe7 15. Nb5 Bb8 16. Rec1 Ne4 17. Be1 Bb7 18. b4 a6 19. Nc3 Nd6 20. b5 Nc4 21. Qb3 a5 22. Nd2 Nf6 23. Ncb1 Nd6 24. Nc3 Nc4 25. Nd1 Nxd2 26. Bxd2 Ne4 27. Be3 Bd6 28. Nb2 Rxc1+ 29. Rxc1 Qd7 30. Nd3 Rc8 31. f3 Nf6 32. Rc3 Rxc3 33. Qxc3 Qc7 34. Qxc7 Bxc7 35. Kf2 Kf8 36. Bg5 Nd7 37. Bc1 Ke7 38. e4 e5 39. Ke3 exd4+ 40. Kxd4 dxe4 41. fxe4 f6 42. Bf4 Bd6 43. Ke3 Ne5 44. Bxe5 Bxe5 45. Bh3 Bd6 46. Bg4 g6 47. Bh3 Bc7 1/2-1/2

[Event "VIE-ch (Women)"]
[Site "Ho Chi Minh City"]
[Date "2019.05.05"]
[Round "4"]
[White "Doan, Thi Hong Nhung"]
[Black "Nguyen, Truong Bao Tran"]
[Result "0-1"]
[WhiteElo "1935"]
[BlackElo "1888"]
[PlyCount "104"]
[EventDate "2019.05.02"]
[EventType "swiss"]
[EventRounds "9"]
[EventCountry "VIE"]
[SourceTitle "CBM 190 Extra"]
[Source "ChessBase"]
[SourceDate "2019.07.15"]
[SourceVersion "1"]
[SourceVersionDate "2019.07.15"]
[SourceQuality "1"]

1. d4 Nf6 2. c4 g6 3. Nc3 Bg7 4. e4 d6 5. Be2 0-0 6. Nf3 e5 7. d5 a5 8. 0-0 Nbd7 9. Be3 Qe7 10. Nd2 Nc5 11. a3 b6 12. b4 Nb7 13. Nb3 Ne8 14. Rc1 axb4 15. axb4 f5 16. exf5 gxf5 17. f3 Kh8 18. Qd2 Rg8 19. Ra1 Rxa1 20. Rxa1 Bf6 21. Kh1 Qg7 22. Rg1 Nd8 23. Nd1 Nf7 24. c5 bxc5 25. bxc5 f4 26. Bf2 Qh6 27. g3 Bg5 28. Qc2 Ng7 29. g4 Bd7 30. Nc3 Ne8 31. Ne4 Bh4 32. Bf1 Nf6 33. Nxf6 Bxf6 34. Nd2 Ng5 35. Qd3 Be8 36. cxd6 cxd6 37. Qa3 Be7 38. Qa7 Bf8 39. Bd3 Bf7 40. Qa5 Bg6 41. Bxg6 Qxg6 42. Qc3 Nh3 43. Rf1 h5 44. Bb6 hxg4 45. fxg4 Qxg4 46. Qf3 Qxf3+ 47. Rxf3 Ng5 48. Rf1 Be7 49. Bf2 Kh7 50. Bh4 Kh6 51. Ra1 Nh3 52. Nf3 Bxh4 0-1

[Event "VIE-ch (Women)"]
[Site "Ho Chi Minh City"]
[Date "2019.05.02"]
[Round "2"]
[White "Doan, Thi Hong Nhung"]
[Black "Bach, Ngoc Thuy Duong"]
[Result "1/2-1/2"]
[WhiteElo "1935"]
[BlackElo "2155"]
[PlyCount "42"]
[EventDate "2019.05.02"]
[EventType "swiss"]
[EventRounds "9"]
[EventCountry "VIE"]
[SourceTitle "CBM 190 Extra"]
[Source "ChessBase"]
[SourceDate "2019.07.15"]
[SourceVersion "1"]
[SourceVersionDate "2019.07.15"]
[SourceQuality "1"]

1. d4 d5 2. c4 e6 3. Nc3 c6 4. cxd5 exd5 5. Bf4 Bd6 6. Bxd6 Qxd6 7. e3 Bf5 8. Bd3 Ne7 9. Nf3 Nd7 10. 0-0 0-0 11. Ne2 Rae8 12. Nf4 Bxd3 13. Nxd3 Ng6 14. b4 Qe7 15. a4 Nh4 16. b5 Qe4 17. Nf4 Ng6 18. Nd3 Nh4 19. Nf4 Ng6 20. Nd3 Nh4 21. Nf4 Ng6 1/2-1/2

[Event "Eastern Asia-ch zt 3.3 (Women)"]
[Site "Ulaanbaatar"]
[Date "2019.04.12"]
[Round "6"]
[White "Doan, Thi Hong Nhung"]
[Black "Tsogzolmaa, Nanjid"]
[Result "1-0"]
[WhiteElo "1938"]
[BlackElo "1815"]
[PlyCount "105"]
[EventDate "2019.04.07"]
[EventType "swiss"]
[EventRounds "9"]
[EventCountry "MGL"]
[SourceTitle "CBM 189 Extra"]
[Source "ChessBase"]
[SourceDate "2019.06.03"]
[SourceVersion "1"]
[SourceVersionDate "2019.06.03"]
[SourceQuality "1"]

1. d4 e6 2. c4 Nf6 3. Nf3 d5 4. Nc3 a6 5. cxd5 exd5 6. Qc2 Be6 7. Bg5 Bd6 8. e3 Nbd7 9. Bd3 c6 10. 0-0 Qc7 11. Bh4 0-0 12. Na4 Bg4 13. Bg3 Bh5 14. b4 Bxg3 15. hxg3 Bg6 16. Nc5 Rfe8 17. Rab1 Bxd3 18. Qxd3 Ne4 19. a4 Nd6 20. Rfc1 Nb6 21. Ng5 f5 22. Qe2 h6 23. Nf3 Nbc4 24. Nd2 Nxd2 25. Qxd2 Qf7 26. Nd3 Nc4 27. Qc3 h5 28. Ne5 Nxe5 29. dxe5 Qe6 30. f4 Qg6 31. Kf2 Re6 32. Rh1 Qf7 33. Qd4 Rc8 34. Rbc1 g6 35. Rc3 Qe7 36. Kf3 a5 37. bxa5 Qd8 38. Rc5 Ra8 39. Qc3 Re7 40. Rb1 Rd7 41. Qd2 g5 42. Rh1 h4 43. gxh4 g4+ 44. Kg3 d4 45. Qa2+ Kf8 46. e6 Rd5 47. Rxd5 cxd5 48. exd4 Qxa5 49. Qa3+ Kg8 50. Rc1 Re8 51. Qe3 Qxa4 52. Rc7 Qa6 53. Qe5 1-0

[Event "VIE-chB (Women)"]
[Site "Ba Dinh"]
[Date "2018.12.04"]
[Round "9"]
[White "Doan, Thi Hong Nhung"]
[Black "Pham, Thi Bich Ngoc"]
[Result "1/2-1/2"]
[WhiteElo "1902"]
[BlackElo "2193"]
[PlyCount "33"]
[EventDate "2018.11.28"]
[EventType "swiss"]
[EventRounds "9"]
[EventCountry "VIE"]
[SourceTitle "EXT 2021"]
[Source "ChessBase"]
[SourceDate "2020.10.23"]
[SourceVersion "1"]
[SourceVersionDate "2020.10.23"]
[SourceQuality "1"]

1. d4 f5 2. g3 g6 3. Bg2 Bg7 4. Nf3 Nf6 5. c4 0-0 6. 0-0 d6 7. Nc3 c6 8. Qc2 Na6 9. Rd1 Qe8 10. b3 Nb4 11. Qd2 e5 12. Ba3 a5 13. dxe5 dxe5 14. Rac1 e4 15. Ne1 e3 16. Qxe3 Qxe3 17. fxe3 1/2-1/2

[Event "VIE-chB (Women)"]
[Site "Ba Dinh"]
[Date "2018.12.01"]
[Round "6"]
[White "Doan, Thi Van Anh"]
[Black "Doan, Thi Hong Nhung"]
[Result "1/2-1/2"]
[WhiteElo "1950"]
[BlackElo "1902"]
[PlyCount "182"]
[EventDate "2018.11.28"]
[EventType "swiss"]
[EventRounds "9"]
[EventCountry "VIE"]
[SourceTitle "EXT 2021"]
[Source "ChessBase"]
[SourceDate "2020.10.23"]
[SourceVersion "1"]
[SourceVersionDate "2020.10.23"]
[SourceQuality "1"]

1. d4 Nf6 2. c4 e6 3. Nc3 Bb4 4. Qc2 d5 5. cxd5 exd5 6. Bg5 0-0 7. e3 h6 8. Bh4 Re8 9. Nf3 Nbd7 10. Bd3 c5 11. 0-0 Qa5 12. Bf5 c4 13. Nd2 Qa6 14. Rae1 Nf8 15. f4 b5 16. Rf3 Bxc3 17. bxc3 Bxf5 18. Qxf5 Qxa2 19. Rf2 Qa6 20. Bxf6 Qxf6 21. Qxd5 Rab8 22. e4 Red8 23. Qh5 b4 24. Nxc4 bxc3 25. d5 Rdc8 26. e5 Qa6 27. Ne3 Rb2 28. Nc2 Qa2 29. Qf5 Re8 30. Qd3 Qb3 31. h3 Rd8 32. d6 Ne6 33. f5 Nc5 34. Qe2 Rb1 35. Rxb1 Qxb1+ 36. Rf1 Qb6 37. Kh1 f6 38. exf6 Qxd6 39. Qg4 Rd7 40. Re1 Qf8 41. Re5 Nd3 42. Qc4+ Kh7 43. Re7 Nf2+ 44. Kg1 Nxh3+ 45. gxh3 Rxe7 46. fxe7 Qxe7 47. Kf2 Qe5 48. Qd3 Qh2+ 49. Ke1 Qh1+ 50. Ke2 Qg2+ 51. Kd1 Kh8 52. Nd4 Qb2 53. Qc2 Qa1+ 54. Ke2 Qa6+ 55. Qd3 Qa2+ 56. Nc2 Qa5 57. Qe4 Qb5+ 58. Kf2 Qb6+ 59. Ne3 Qb2+ 60. Kg3 Qe2 61. Kf4 Qh2+ 62. Kg4 Qe2+ 63. Qf3 Qd3 64. Qf2 a5 65. Kf3 a4 66. Qc2 Qd4 67. Qe4 Qd7 68. Qa8+ Kh7 69. Qe4 Kh8 70. Qc2 Qc6+ 71. Kf2 a3 72. Qb3 Qc5 73. Ke2 Qd4 74. Qxa3 Qd2+ 75. Kf3 c2 76. f6 Qd1+ 77. Kf2 Kh7 78. f7 c1Q 79. Qxc1 Qxc1 80. f8Q Qb2+ 81. Kg3 Qc3 82. Qf5+ Kh8 83. Kf3 Qc6+ 84. Qe4 Qc3 85. Kg4 Qe1 86. Kh5 Qg3 87. h4 Qd6 88. Kg4 Qd7+ 89. Kg3 Qd6+ 90. Qf4 Qxf4+ 91. Kxf4 g5+ 1/2-1/2

[Event "VIE-chB (Women)"]
[Site "Ba Dinh"]
[Date "2018.11.30"]
[Round "4"]
[White "Doan, Thi Hong Nhung"]
[Black "Le, Thanh Tu"]
[Result "1-0"]
[WhiteElo "1902"]
[BlackElo "2220"]
[PlyCount "95"]
[EventDate "2018.11.28"]
[EventType "swiss"]
[EventRounds "9"]
[EventCountry "VIE"]
[SourceTitle "EXT 2021"]
[Source "ChessBase"]
[SourceDate "2020.10.23"]
[SourceVersion "1"]
[SourceVersionDate "2020.10.23"]
[SourceQuality "1"]

1. d4 f5 2. g3 Nf6 3. Bg2 g6 4. Nf3 Bg7 5. c4 d6 6. d5 e5 7. dxe6 0-0 8. Nd4 Qe7 9. 0-0 c6 10. Nc3 Bxe6 11. Nxe6 Qxe6 12. Qb3 Rf7 13. Rd1 Na6 14. Bf4 Nc5 15. Qa3 Bf8 16. Rac1 Nh5 17. Be3 Nd7 18. b4 f4 19. Bd4 fxg3 20. hxg3 Qxc4 21. b5 Ne5 22. Qb2 Qe6 23. Ne4 Bh6 24. Nxd6 Bxc1 25. Rxc1 Qxd6 26. Bxe5 Qe7 27. bxc6 bxc6 28. Bxc6 Rd8 29. e4 Nf6 30. Bxf6 Qxf6 31. Qxf6 Rxf6 32. Bd5+ Kh8 33. Rc7 a6 34. f4 Rfd6 35. Rc5 Kg7 36. Kf2 R8d7 37. Ke3 Rb6 38. Kd4 Kf6 39. g4 h6 40. e5+ Ke7 41. f5 gxf5 42. gxf5 Rb4+ 43. Ke3 Rb5 44. f6+ Kd8 45. f7 Rxf7 46. Rxb5 Rf5 47. Rb8+ Kc7 48. Rb7+ 1-0

[Event "VIE-chB (Women)"]
[Site "Ba Dinh"]
[Date "2018.11.30"]
[Round "5"]
[White "Doan, Thi Hong Nhung"]
[Black "Nguyen, Thi Mai Hung"]
[Result "1-0"]
[WhiteElo "1902"]
[BlackElo "2244"]
[PlyCount "195"]
[EventDate "2018.11.28"]
[EventType "swiss"]
[EventRounds "9"]
[EventCountry "VIE"]
[SourceTitle "EXT 2021"]
[Source "ChessBase"]
[SourceDate "2020.10.23"]
[SourceVersion "1"]
[SourceVersionDate "2020.10.23"]
[SourceQuality "1"]

1. d4 d5 2. c4 c6 3. Nf3 e6 4. cxd5 exd5 5. Qc2 Nf6 6. Nc3 Bd6 7. Bg5 Be6 8. e3 Nbd7 9. Bd3 h6 10. Bh4 0-0 11. 0-0 a6 12. Rac1 Qb8 13. Bg3 Bxg3 14. hxg3 Rc8 15. Na4 Re8 16. Nd2 h5 17. Rfe1 g6 18. Nc5 Kg7 19. Nf3 Bg4 20. Nh4 Nf8 21. b4 Re7 22. a4 Qd6 23. Rb1 Rc8 24. Rec1 Rcc7 25. Rb2 Bc8 26. Nf3 Ng4 27. Qd2 Nd7 28. e4 Nxc5 29. bxc5 Qd8 30. e5 Re8 31. Qf4 Rce7 32. Rb6 Rf8 33. Nh4 Rc7 34. Re1 Be6 35. Nf3 Bc8 36. Rb2 Re7 37. Rbe2 Ree8 38. Ng5 Bd7 39. Qd2 Bc8 40. Nf3 Nh6 41. Nh4 Bg4 42. Re3 Be6 43. Bc2 Qc8 44. Rf3 Rg8 45. Qg5 Qd8 46. Rf6 Ng4 47. Bxg6 Kf8 48. Qxh5 Nxf6 49. Qh6+ Ke7 50. exf6+ Kd7 51. Bd3 Kc8 52. Rb1 Qc7 53. Rb6 Kd8 54. Qd2 Rg4 55. Qb4 Bc8 56. Nf5 Rg6 57. Nd6 Rxf6 58. Nxb7+ Ke7 59. Nd6 Rd8 60. Qe1+ Kf8 61. Qe5 Rh6 62. a5 Rdxd6 63. cxd6 Rxd6 64. Qh8+ Ke7 65. Qh4+ Ke8 66. Qh8+ Ke7 67. Qe5+ Kd8 68. Bxa6 f6 69. Qf4 Re6 70. Qxc7+ Kxc7 71. Bxc8 Kxc8 72. a6 Re1+ 73. Kh2 Kc7 74. Rb7+ Kd6 75. a7 Ra1 76. g4 c5 77. dxc5+ Kxc5 78. Kg3 Kd4 79. Kf4 Kd3 80. Kf5 Ra6 81. f4 d4 82. Rd7 Ke3 83. g5 fxg5 84. fxg5 Ra5+ 85. Kf6 Ra6+ 86. Ke5 d3 87. g6 d2 88. Rxd2 Rxa7 89. Rd6 Kf2 90. Kf6 Kxg2 91. g7 Ra8 92. Kf7 Ra7+ 93. Kf8 Ra8+ 94. Kf7 Ra7+ 95. Kf8 Ra8+ 96. Ke7 Kf3 97. Rd8 Ra7+ 98. Kf8 1-0

[Event "VIE-ch (Women)"]
[Site "Ho Chi Minh City"]
[Date "2018.05.03"]
[Round "9"]
[White "Tran, Thi Nhu Y"]
[Black "Doan, Thi Hong Nhung"]
[Result "1-0"]
[WhiteElo "1915"]
[BlackElo "1894"]
[PlyCount "108"]
[EventDate "2018.04.27"]
[EventType "swiss"]
[EventRounds "9"]
[EventCountry "VIE"]
[SourceTitle "CBM 184 Extra"]
[Source "ChessBase"]
[SourceDate "2018.06.28"]
[SourceVersion "1"]
[SourceVersionDate "2018.06.28"]
[SourceQuality "1"]

1. e4 e6 2. d4 d5 3. exd5 exd5 4. Bd3 Bd6 5. Nf3 Bg4 6. 0-0 Ne7 7. Bg5 f6 8. Bh4 0-0 9. c3 Qe8 10. Nbd2 Nbc6 11. Re1 Qh5 12. Bg3 Bxg3 13. hxg3 Nf5 14. Qb3 Nd6 15. Nh2 Bd7 16. g4 Qf7 17. Re3 Rfe8 18. Qc2 g6 19. Rf3 Qg7 20. Ndf1 Nd8 21. Ne3 c6 22. Rh3 Ne6 23. g3 Ng5 24. Rh4 Nge4 25. Kg2 Re7 26. Nf3 Qf8 27. Rah1 Rae8 28. c4 Rg7 29. cxd5 cxd5 30. Nxd5 Qf7 31. Nc7 Re7 32. d5 Bxg4 33. Rxg4 Rxc7 34. Qa4 f5 35. Rgh4 Qxd5 36. Rd1 Qc6 37. Qxa7 Ng5 38. Be2 Rgd7 39. Rhd4 Nb5 40. Qb8+ Rc8 41. Qxc8+ Qxc8 42. Rxd7 Qc6 43. R1d5 Nxf3 44. Bxf3 Nc7 45. Rd8+ Ne8 46. Re5 Qc2 47. Rdxe8+ Kf7 48. R5e7+ Kf6 49. Rxb7 Qa4 50. Ra8 Qd4 51. Ra6+ Kg5 52. Rxh7 f4 53. Rh4 Qxb2 54. Rxf4 Qxf2+ 1-0

[Event "VIE-ch (Women)"]
[Site "Ho Chi Minh City"]
[Date "2018.04.30"]
[Round "6"]
[White "Doan, Thi Hong Nhung"]
[Black "Pham, Thanh Phuong Thao"]
[Result "1-0"]
[WhiteElo "1894"]
[BlackElo "1679"]
[PlyCount "87"]
[EventDate "2018.04.27"]
[EventType "swiss"]
[EventRounds "9"]
[EventCountry "VIE"]
[SourceTitle "CBM 184 Extra"]
[Source "ChessBase"]
[SourceDate "2018.06.28"]
[SourceVersion "1"]
[SourceVersionDate "2018.06.28"]
[SourceQuality "1"]

1. d4 Nf6 2. Nf3 e6 3. Bf4 d5 4. e3 Bd6 5. Ne5 c6 6. c3 Qc7 7. Bd3 Nbd7 8. Nxd7 Bxd7 9. Bxd6 Qxd6 10. f4 0-0 11. Nd2 Be8 12. Qf3 c5 13. 0-0 Qb6 14. Rab1 Bb5 15. Bxb5 Qxb5 16. Rf2 Qd3 17. Re1 Rac8 18. dxc5 Rxc5 19. e4 Qxf3 20. Rxf3 dxe4 21. Nxe4 Nxe4 22. Rxe4 Rd8 23. Kf2 Rcd5 24. Rfe3 Kf8 25. Re5 R5d6 26. f5 exf5 27. Rxf5 f6 28. Re2 Kf7 29. Rf3 R8d7 30. Rfe3 Rd5 31. c4 Rd3 32. Rxd3 Rxd3 33. Re3 Rxe3 34. Kxe3 Ke6 35. Kd4 Kd6 36. b4 b6 37. c5+ bxc5+ 38. bxc5+ Kc6 39. Kc4 Kc7 40. Kd5 Kd7 41. a4 Kc8 42. Kd6 Kd8 43. g4 g6 44. Ke6 1-0

[Event "VIE-ch (Women)"]
[Site "Ho Chi Minh City"]
[Date "2018.04.29"]
[Round "4"]
[White "Doan, Thi Hong Nhung"]
[Black "Pham, Thi Thu Hien"]
[Result "1/2-1/2"]
[WhiteElo "1894"]
[BlackElo "2142"]
[PlyCount "136"]
[EventDate "2018.04.27"]
[EventType "swiss"]
[EventRounds "9"]
[EventCountry "VIE"]
[SourceTitle "CBM 184 Extra"]
[Source "ChessBase"]
[SourceDate "2018.06.28"]
[SourceVersion "1"]
[SourceVersionDate "2018.06.28"]
[SourceQuality "1"]

1. d4 Nf6 2. Nf3 e6 3. Bf4 d5 4. e3 c5 5. c3 Nc6 6. Bd3 Qb6 7. Qc2 h6 8. h3 Bd7 9. Nbd2 Rc8 10. a3 c4 11. Be2 Na5 12. Bd1 Bb5 13. Rb1 Be7 14. Ne5 0-0 15. g4 Nd7 16. h4 Nxe5 17. dxe5 Rfd8 18. Nf3 Nb3 19. Qe2 Nc5 20. Kf1 Ba4 21. Bxa4 Nxa4 22. Kg2 Nc5 23. h5 f6 24. exf6 Bxf6 25. g5 hxg5 26. Bxg5 e5 27. Bh4 Qe6 28. Rbg1 Rf8 29. Rh2 Nd3 30. Kh1 Bxh4 31. Nxh4 Rf6 32. f3 Rcf8 33. Rg3 Rh6 34. Qg2 Qd7 35. Rg5 Rff6 36. Qg3 Rf7 37. Rg2 Rhf6 38. Kh2 Kh7 39. Rg6 Kg8 40. h6 Rxg6 41. Qxg6 Ne1 42. Rg3 Kh8 43. hxg7+ Rxg7 44. Qh5+ Kg8 45. Qxe5 Nd3 46. Rxg7+ Qxg7 47. Qxd5+ Qf7 48. Qg5+ Qg7 49. Qxg7+ Kxg7 50. Nf5+ Kf6 51. Nd6 Nxb2 52. Nxb7 Nd1 53. e4 Ke5 54. Na5 Nxc3 55. Nxc4+ Kd4 56. Nd6 Kc5 57. e5 Kd5 58. f4 Ne2 59. Nb5 Nxf4 60. Nxa7 Kxe5 61. Nb5 Kd5 62. Kg3 Kc5 63. Nc3 Kc4 64. Nb1 Ne2+ 65. Kf2 Nd4 66. Nd2+ Kc3 67. Nb1+ Kb3 68. Nd2+ Kxa3 1/2-1/2

[Event "VIE-ch (Women)"]
[Site "Ho Chi Minh City"]
[Date "2018.04.28"]
[Round "3"]
[White "Nguyen, Thi Phuong Thao"]
[Black "Doan, Thi Hong Nhung"]
[Result "1/2-1/2"]
[WhiteElo "2110"]
[BlackElo "1894"]
[PlyCount "82"]
[EventDate "2018.04.27"]
[EventType "swiss"]
[EventRounds "9"]
[EventCountry "VIE"]
[SourceTitle "CBM 184 Extra"]
[Source "ChessBase"]
[SourceDate "2018.06.28"]
[SourceVersion "1"]
[SourceVersionDate "2018.06.28"]
[SourceQuality "1"]

1. d4 Nf6 2. c4 e6 3. Nf3 b6 4. a3 Bb7 5. Nc3 Ne4 6. Nxe4 Bxe4 7. e3 c6 8. Bd3 Bxd3 9. Qxd3 d5 10. 0-0 f5 11. Bd2 Bd6 12. Bb4 0-0 13. cxd5 exd5 14. Rac1 a5 15. Bxd6 Qxd6 16. Qb3 Nd7 17. Ne5 a4 18. Qc3 Rac8 19. Nxd7 Qxd7 20. Qb4 b5 21. Rfe1 f4 22. exf4 Rxf4 23. Re7 Qf5 24. Rce1 h6 25. f3 Qd3 26. Qd6 Qxd4+ 27. Kh1 Kh7 28. Rxg7+ Kxg7 29. Qd7+ Rf7 30. Qxc8 Qd2 31. Qg4+ Kf8 32. Qe6 Kg7 33. Qe5+ Kh7 34. Qe6 Kg7 35. Qe5+ Kh7 36. h3 Qg5 37. Qe8 Rg7 38. Re2 Qc1+ 39. Kh2 Qf4+ 40. Kh1 Qc1+ 41. Kh2 Qf4+ 1/2-1/2

[Event "VIE-ch (Women)"]
[Site "Bac Giang"]
[Date "2017.11.27"]
[Round "7"]
[White "Le, Thi Phuong Lien"]
[Black "Doan, Thi Hong Nhung"]
[Result "1/2-1/2"]
[WhiteElo "2058"]
[BlackElo "1945"]
[PlyCount "34"]
[EventDate "2017.11.23"]
[EventType "swiss"]
[EventRounds "9"]
[EventCountry "VIE"]
[SourceTitle "CBM 181 Extra"]
[Source "ChessBase"]
[SourceDate "2017.12.12"]
[SourceVersion "1"]
[SourceVersionDate "2017.12.12"]
[SourceQuality "1"]

1. e4 e6 2. d4 d5 3. exd5 exd5 4. Bd3 Bd6 5. h3 Qf6 6. c3 Ne7 7. Qf3 Bf5 8. Bxf5 Qxf5 9. Qxf5 Nxf5 10. Nf3 Nd7 11. 0-0 0-0 12. b3 Rfe8 13. Ba3 c6 14. Bxd6 Nxd6 15. Nbd2 Kf8 16. Rfe1 Rxe1+ 17. Rxe1 Re8 1/2-1/2

[Event "VIE-ch (Women)"]
[Site "Bac Giang"]
[Date "2017.11.26"]
[Round "6"]
[White "Doan, Thi Hong Nhung"]
[Black "Hoang, Thi Bao Tram"]
[Result "1/2-1/2"]
[WhiteElo "1945"]
[BlackElo "2410"]
[PlyCount "141"]
[EventDate "2017.11.23"]
[EventType "swiss"]
[EventRounds "9"]
[EventCountry "VIE"]
[SourceTitle "CBM 181 Extra"]
[Source "ChessBase"]
[SourceDate "2017.12.12"]
[SourceVersion "1"]
[SourceVersionDate "2017.12.12"]
[SourceQuality "1"]

1. d4 Nf6 2. c4 e6 3. Nf3 b6 4. g3 Bb7 5. Bg2 Bb4+ 6. Bd2 Be7 7. 0-0 d6 8. Nc3 Nbd7 9. Qc2 0-0 10. Rfd1 c5 11. dxc5 bxc5 12. e4 Qb6 13. Bf4 Rad8 14. e5 dxe5 15. Nxe5 Bxg2 16. Kxg2 Qb7+ 17. Kg1 Nxe5 18. Bxe5 Ng4 19. Bf4 Bf6 20. h3 Ne5 21. Bxe5 Bxe5 22. Rxd8 Rxd8 23. Rd1 Rb8 24. Qe4 Qxe4 25. Nxe4 Bd4 26. b3 e5 27. Kg2 Kf8 28. Nd6 a5 29. Nb5 Ke7 30. Kf3 Ke6 31. Ke2 h5 32. Rb1 g5 33. f3 f5 34. a3 e4 35. fxe4 fxe4 36. b4 axb4 37. axb4 Be5 38. Ke3 Bxg3 39. Kxe4 Kd7 40. Kd5 cxb4 41. Rxb4 Re8 42. Ra4 Re5+ 43. Kd4 Re1 44. Ra3 h4 45. Nc3 Ke6 46. Nd5 Bf2+ 47. Kd3 Rg1 48. Ke4 Re1+ 49. Kf3 Bc5 50. Rd3 Kf5 51. Nc3 Kg6 52. Ne4 Be7 53. Rd7 Ba3 54. Rd3 Bc1 55. Rd6+ Kf7 56. Rd3 Bf4 57. c5 Ke6 58. c6 Rh1 59. Kg4 Rg1+ 60. Kf3 Be5 61. Nc5+ Ke7 62. Rd7+ Kf6 63. c7 Rg3+ 64. Kf2 Bxc7 65. Rxc7 Rxh3 66. Ne4+ Kf5 67. Nxg5 Ra3 68. Kg2 Kxg5 69. Rc5+ Kf6 70. Rc4 Rg3+ 71. Kh2 1/2-1/2